000 00457nam a2200121Ia 4500
008 220616s9999||||xx |||||||||||||| ||und||
100 _aChristian Cuadrado-Laborde
245 0 _aApplications of Optical Fibers for Sensing
546 _aEnglish[eng]
650 _aPhysical Sciences||Engineering and Technology||Optoelectronics||Physics||Optics and Lasers
856 _uhttps://www.intechopen.com/books/applications-of-optical-fibers-for-sensing
942 _cEB
999 _c20042
_d20042